000 00353 a2200169 4500
001 162516
020 _a85-08-05750-4
040 _cMagnum
100 _aBandeira, Pedro
240 1 0 _aBrincadeira mortal
_lpor
245 1 0 _aBrincadeira mortal
300 _a78
362 0 _a2000
440 1 _aÁtica
697 _aLITERATURA JUVENIL
942 _cBK
999 _c162516
_d162516